| 000 | 00750nam a22001937a 4500 | ||
|---|---|---|---|
| 003 | OSt | ||
| 005 | 20251120152602.0 | ||
| 008 | 251120b |||||||| |||| 00| 0 eng d | ||
| 040 |
_aDWC-Main lib. _cOC |
||
| 082 | _aFil. 344.5991 S246e 2006 | ||
| 100 | _aSarmiento III, Ulpiano "Ulan" P. | ||
| 245 |
_aCompendium of education legislation for private basic education : _bcomments on the 2011 revised manual of regulations for private schools in basic education/ _cUlpiano "Ulan" P. Sarmiento III |
||
| 260 |
_a[S.l.] : _b[s.n.], _cc2011. |
||
| 300 |
_a1108 pages ; _c28 cm. |
||
| 504 | _aIncludes index. | ||
| 650 | _a1. Education--Law and legislation--Philippines. | ||
| 650 | _a2. Schools--Administration. | ||
| 942 |
_2ddc _cBK - FIL _hFil. _n0 |
||
| 999 |
_c5909 _d5909 |
||